Inexistencia y Nulidad en el Cd̤igo Civil Chileno. Teora̕ bimembre de la nulidad /

Bibliographic Details
Main Author: Rodrg̕uez Grez, Pablo
Format: eBook
Language:Spanish
Published: Santiago de Chile : Editorial Jurd̕ica de Chile, 2012
Series:Tratados
Subjects:
Online Access:Acceso restringido

MARC

LEADER 00000nam a22000007a 4500
005 2012022004164.0
007 cr|||| ||||
008 120220s2012 cl |||||s|||| 00||0 spa d
020 |a 956-10-1115-8 
035 |a 6191 
040 |a vLex 
090 |c 2993  |d 2993 
100 1 |a Rodrg̕uez Grez, Pablo 
245 1 0 |a Inexistencia y Nulidad en el Cd̤igo Civil Chileno.   |h [Recurso electrn̤ico] :  |b Teora̕ bimembre de la nulidad /  |c Pablo Rodrg̕uez Grez  
256 |a Servicio en ln̕ea 
260 |a Santiago de Chile :  |b Editorial Jurd̕ica de Chile,  |c 2012 
300 |a 1 recurso electrn̤ico 
490 0 |a Tratados 
500 |a La inexistencia jurd̕ica: La inexistencia como consecuencia jurd̕ica; Inexistencia propia e impropia; Elementos esenciales, de existencia o estructurales del acto jurd̕ico; La inexistencia como consecuencia negativa; Validez y existencia; Teora̕ de los opuestos jurd̕icos; ¿Contempla la legislacin̤ chilena la “inexistencia” jurd̕ica?; Estatuto jurd̕ico de la inexistencia; Posiciones de la doctrina frente a la inexistencia; Jurisprudencia; Principales conclusiones. Teora̕ bimembre de la nulidad: Premisas bs̀icas; Definicin̤ del acto jurd̕ico; Presupuestos de la teora̕ de la nulidad; De los tipos de nulidad en el Cd̤igo Civil chileno; Razones para sostener la distincin̤ de nulidades originarias y virtuales en el Cd̤igo Civil chileno; Interversin̤ de la nulidad; Estatuto jurd̕ico de las nulidades originarias; Diferencias; Estatuto jurd̕ico de las nulidades virtuales; Nulidad e interš; Nulidad orden pb︢lico e interš privado; La nulidad y el arbitraje; Nulidad e indemnizacin̤ de perjuicios; Nulidad y recurso de proteccin̤; Reenfoque de la nulidad; Principales conclusiones. 
506 1 |a Contenido solo disponible en los productos indicados  |d vLex Global   |d vLex Global (Academic Edition, excluding Law Schools)   |d vLex Global (U.S. Academic Edition, Law Schools)   |d vLex Global (U.S. Academic Edition, excluding Law Schools)   |d vLex Global (Academic Edition, Law Schools)  
650 0 4 |a Derecho civil  |z Mx̌ico 
650 0 4 |a Nulidad (Derecho)  |z Mx̌ico 
740 0 |a vLex Libros (Servicio en ln̕ea) 
856 4 0 |u http://vlex.com/source/inexistencia-nulidad-codigo-civil-chileno-teoria-bimembre-nulidad-6191  |z Acceso restringido 
942 |c BOOK 
999 0 |a  Nullity 
999 0 |a Civil law